| 000 | 00648nam a2200205 u 4500 | ||
|---|---|---|---|
| 005 | 20210223130244.0 | ||
| 008 | 070830s2003 r 000 0 eng d | ||
| 020 | _a9685861005 | ||
| 035 | _aUPN01000151613 | ||
| 049 | _aCG | ||
| 050 | 4 |
_aPL801 K8 _bK3.6 |
|
| 100 | 1 |
_aAkutagawa, Ryunosuke, _d1892-1927 _930228 |
|
| 245 | 1 | 0 |
_aKappa y los engranajes / _cRyunosuke Akutagawa ; tr. del japonés y notas Kasuya Sakai. |
| 260 |
_aMéxico : _bMe cayó el veinte, _c2003. |
||
| 300 | _a178 p. | ||
| 440 | 0 | _aEcole lacanienne de psychanalyse | |
| 534 |
_pTítulo original: _tKappa, Hagumara |
||
| 650 | 4 |
_aLITERATURA JAPONESA _910009 |
|
| 905 | _aLibro | ||
| 999 |
_c123749 _d123749 |
||